1911 1452 1588 1242 1472 1364 1062 1911 1549 1878 1045 1613 1711 1647 1472 1886 1368 1840 1519 1001 1580 1728 1037 1352 1162 1759 1753 1889 1295 1286 1937 1151 1510 1261 1072 1021 1628 1296 1388 1253 1879 1759 1383 1094 1181 1446 1553 1423 1587 1092 1947 1313 1863 1241 1257 1802 1505 1768 1206 1566 1243 1507 1609 1859 1614 1857 1065 1135 1779 1178 1870 1172 1540 1263 1802 1134 1842 1841 1571 1648 1651 1745 1675 1644 1256 1491 1803 1502 1603 1088 1595 1450 1865 1889 1991 1621 1041 1357 1246 BCNSPRNW ULIB Ver.6.0+V

เปลี่ยนเป็นภาษาไทย

Change to English
 แสดงรายละเอียดบรรณานุกรม
  กลับหน้าหลัก

Brief Record : Get Marc (ISO 2709) : E-mail record : QR code < ปิดหน้าต่าง
LEADER : 00000nam 2200000uu 4500
001    13399113563
003     ULIB
008    111128s2552||||th 000 0 tha d
020    ^a9789746907224
090    ^aนว.^bล979บ 2552
100 0  ^aไลแลต
245 00 ^aมายา รักร้าย/^cไลแลต
250    ^aพิมพ์ครั้งที่ 1
260    ^aกรุงเทพฯ :^bดอกหญ้า 2000,^c2552
300    ^a262 หน้า
710 1  ^aดอกหญ้า 2000
945    ^p179^l0^i16426
995    ^aกัณชพร
999    ^aใช้งานได้ทุกระบบ
รายการนี้ยังไม่มีแท็ก
คุณยังไม่ได้ล็อกอิน คุณสามารถมีกิจกรรมร่วมกับเว็บไซต์ได้ แต่ต้องล็อกอินก่อน ::
  ล็อกอิน

รายการสื่อสารสนเทศ

ลำดับที่ ประเภท เลขเรียก/บาร์โค้ด สถานที่ สถานะ
1. นวนิยาย
นวนิยาย
นว. ล979บ 2552  
  Barcode: 16426
ห้องสมุดวิทยาเขตสวรรค์ประชารักษ์
►นวนิยาย
บนชั้น
  ขอยืม

BibComment


ยังไม่เคยถูกคอมเมนท์

คอมเมนท์ทรัพยากรรายการนี้
  คอมเมนท์: มายา รักร้าย ไลแลต


 Copyright 2026. Bcnsprnw @Library